| 000 | 01069nam a22003617a 4500 | ||
|---|---|---|---|
| 001 | 0015930 | ||
| 003 | KOHA_MİRAKIL | ||
| 005 | 20260207002047.0 | ||
| 007 | ta | ||
| 008 | 100402b1997 tu |||gr||||#||||0|tur | | ||
| 020 |
_a9757539783 _c0,01 |
||
| 040 |
_aTR-BiSEU _btur _cTR-BiSEU _erda |
||
| 041 | 0 | _atur | |
| 044 | _ctu | ||
| 050 |
_aHG1206.5 _b.S69 1997 |
||
| 100 | 1 | _aSoylu, Hakkı. | |
| 245 | 1 |
_aTürkiye'de senyoraj gelirleri ve kamu açıkları/ _cHakkı Soylu ; Hakkı Soylu. |
|
| 264 | 1 |
_aAnkara : _bSermaye Piyasası Kurulu _c1997 |
|
| 300 | _aviii, 143 sayfa; 24 cm. | ||
| 336 |
_ametin _btxt _2rdacontent |
||
| 337 |
_aaracısız _bn _2rdamedia |
||
| 338 |
_acilt _bnc _2rdacarrier |
||
| 490 | 1 |
_aSermaye Piyasası Kurulu ; _vyayın no. |
|
| 490 | 1 | _a81. | |
| 500 | _aKaynakça var. | ||
| 650 | 0 |
_aFinance--Turkey. _910144 |
|
| 650 | 0 |
_aFinans--Türkiye. _919727 |
|
| 650 | 0 |
_aEconometrics. _92471 |
|
| 650 | 0 |
_aEkonometri. _91717 |
|
| 830 | 1 |
_aSermaye Piyasası Kurulu ; _vyayın no. _95703 |
|
| 830 | 1 |
_a81. _99411 |
|
| 942 |
_2lcc _cBK |
||
| 999 |
_c15892 _d15892 |
||